| 000 | 00537nam a2200193Ia 4500 | ||
|---|---|---|---|
| 003 | OSt | ||
| 005 | 20250203111407.0 | ||
| 008 | 210716s1990 xx 000 0 und d | ||
| 020 | _a0394580567 | ||
| 040 | _cAIMIT LIBRARY | ||
| 041 | _aeng | ||
| 082 |
_a814.54 _21 _bFULR |
||
| 100 |
_aFulghum, Robert. _9197118 |
||
| 245 |
_aIt was on fire when i lay down on it / _cBy Robert Fulghum. |
||
| 250 | _a1st ed. | ||
| 260 |
_aNew York : _bRandom House ; _c1990. |
||
| 300 |
_a212p. ; _bPB _c21 cm. |
||
| 942 |
_2ddc _cBK _e1st ed. _k814.54 FULR |
||
| 999 |
_c203189 _d203189 |
||